Pop culture en images - Y - Statistiques

Statistiques générales
  • Ce quiz a été pris 229 fois
  • Le résultat moyen est 6 sur 16
Statistiques - réponses
Par images Réponse % Correct
Yoda
99%
Yoshi
98%
Yakari
94%
Ymir
48%
Yor Forger
48%
Yveltal
46%
Yondu Udonta
32%
Yzma
27%
Yennefer de Vengerberg
23%
Yoru
18%
Yara Greyjoy
11%
Yogi l'ours
6%
Yuki Yoshikawa
6%
Yelan
5%
Yoko Littner
5%
Yuna
4%
Aucun quiz correspondant
Distribution des résultats
% des personnes avec chaque résultat
Percentile par nombre de réponses
Votre historique - résultats
Vous n’avez pas pris ce quiz